[Event "47th GRE-chT 2019"]
[Site "Patra"]
[Date "2019.07.06"]
[Round "7.23"]
[White "Naoum, Spyridon"]
[Black "Grivas, Efstratios"]
[Result "1/2-1/2"]
[WhiteElo "2299"]
[BlackElo "2418"]
[Annotator "NA"]
[PlyCount "138"]
[EventDate "2019.07.02"]
[EventCountry "GRE"]
[SourceTitle "playchess.com"]
[Source "ChessBase"]
[SourceQuality "1"]
[TimeControl "5400+30"]

1. d4 {[%emt 0:02:34]} f5 {[%emt 0:00:00]} 2. g3 {[%emt 0:02:03]} Nf6 {[%emt 0:00:02]} 3. Bg2 {[%emt 0:00:04]} g6 {[%emt 0:00:10]} 4. c3 {[%emt 0:00:29]} Bg7 {[%emt 0:00:37]} 5. Nh3 {[%emt 0:02:13]} c6 {[%emt 0:02:22]} 6. O-O {[%emt 0:02:21]} O-O {[%emt 0:04:14]} 7. Nd2 {[%emt 0:00:04]} Na6 {[%emt 0:03:56]} 8. a4 {[%emt 0:04:33]} Nc7 {[%emt 0:01:34]} 9. a5 {[%emt 0:04:00]} Kh8 {[%emt 0:05:08]} 10. Re1 {[%emt 0:03:42]} d5 {[%emt 0:01:39]} 11. Nf4 {[%emt 0:03:20]} Nd7 {[%emt 0:14:44]} 12. c4 {[%emt 0:08:01]} e6 {[%emt 0:06:25]} 13. e3 {[%emt 0:00:19]} dxc4 {[%emt 0:08:24]} 14. Nxc4 {[%emt 0:03:17]} e5 {[%emt 0:00:08]} 15. dxe5 {[%emt 0:01:36]} Nxe5 {[%emt 0:00:08]} 16. Nd6 {[%emt 0:01:27]} Rf6 {[%emt 0:09:32]} 17. Nxc8 {[%emt 0:02:21]} Rxc8 {[%emt 0:00:12]} 18. Qe2 {[%emt 0:03:49]} Rd6 {[%emt 0:02:18]} 19. e4 {[%emt 0:00:23]} fxe4 {[%emt 0:02:34]} 20. Bxe4 {[%emt 0:04:47]} Nb5 {[%emt 0:07:49]} 21. Be3 {[%emt 0:00:57]} Qf6 {[%emt 0:01:48]} 22. Red1 {[%emt 0:05:34]} Nf7 {[%emt 0:01:32]} 23. a6 {[%emt 0:07:51]} b6 {[%emt 0:01:08]} 24. Rac1 {[%emt 0:06:14]} Qxb2 {[%emt 0:08:42]} 25. Rxd6 {[%emt 0:13:30]} Nfxd6 {[%emt 0:03:21]} 26. Qxb2 {[%emt 0:01:33]} Bxb2 {[%emt 0:00:03]} 27. Rxc6 {[%emt 0:00:05]} Rxc6 {[%emt 0:00:57]} 28. Bxc6 {[%emt 0:00:05]} Bd4 {[%emt 0:02:20]} 29. Nd5 {[%emt 0:02:06]} Bxe3 {[%emt 0:00:00]} 30. fxe3 {[%emt 0:00:06]} Kg7 {[%emt 0:00:00]} 31. Bd7 {[%emt 0:05:04]} Kf7 {[%emt 0:03:33]} 32. Kg2 {[%emt 0:01:30]} Na3 {[%emt 0:02:56]} 33. Nxb6 {[%emt 0:00:24]} Ke7 {[%emt 0:00:57]} 34. Bg4 {[%emt 0:02:34]} Nac4 {[%emt 0:01:39]} 35. Nxc4 {[%emt 0:03:32]} Nxc4 {[%emt 0:00:03]} 36. Kf2 {[%emt 0:02:08]} Kd6 {[%emt 0:00:38]} 37. Be2 {[%emt 0:00:07]} Ne5 {[%emt 0:00:10]} 38. h4 {[%emt 0:00:46]} h6 {[%emt 0:00:08]} 39. Ke1 {[%emt 0:01:00]} Kd5 {[%emt 0:02:02]} 40. Bf1 {[%emt 0:00:00]} g5 {[%emt 0:00:00]} 41. hxg5 {[%emt 0:00:00]} hxg5 {[%emt 0:00:00]} 42. Bg2+ {[%emt 0:00:00]} Kc4 {[%emt 0:00:00]} 43. Kd2 {[%emt 0:00:00]} Kb4 {[%emt 0:00:00]} 44. Bf1 {[%emt 0:00:00]} Kc5 {[%emt 0:00:00]} 45. Bg2 {[%emt 0:00:00]} Kc4 {[%emt 0:00:00]} 46. Bb7 {[%emt 0:00:00]} Kb4 {[%emt 0:00:00]} 47. Bc8 {[%emt 0:00:00]} Kc4 {[%emt 0:00:00]} 48. Bf5 {[%emt 0:00:00]} Kb4 {[%emt 0:00:00]} 49. Be6 {[%emt 0:00:00]} Kb5 {[%emt 0:00:00]} 50. Kc3 {[%emt 0:00:00]} Kc5 {[%emt 0:00:00]} 51. Bc8 {[%emt 0:00:00]} Kd5 {[%emt 0:00:00]} 52. Bb7+ {[%emt 0:03:09]} Kc5 {[%emt 0:00:00]} 53. Bg2 {[%emt 0:00:35]} Ng4 {[%emt 0:00:00]} 54. Kd3 {[%emt 0:00:08]} Nf6 {[%emt 0:00:00]} 55. Bb7 {[%emt 0:02:17]} g4 {[%emt 0:00:00]} 56. Be4 {[%emt 0:03:21]} Nh5 {[%emt 0:00:04]} 57. Bf5 {[%emt 0:00:05]} Nxg3 {[%emt 0:00:34]} 58. Bxg4 {[%emt 0:00:02]} Nf1 {[%emt 0:00:27]} 59. e4 {[%emt 0:01:03]} Ng3 {[%emt 0:00:05]} 60. e5 {[%emt 0:00:20]} Kd5 {[%emt 0:00:22]} 61. e6 {[%emt 0:00:03]} Kd6 {[%emt 0:00:04]} 62. Kd4 {[%emt 0:01:34]} Nh5 {[%emt 0:00:20]} 63. Bxh5 {[%emt 0:00:37]} Kxe6 {[%emt 0:00:07]} 64. Kc5 {[%emt 0:00:03]} Kd7 {[%emt 0:00:07]} 65. Bg4+ {[%emt 0:00:12]} Kc7 {[%emt 0:00:06]} 66. Bh3 {[%emt 0:00:01]} Kb8 {[%emt 0:00:06]} 67. Kc6 {[%emt 0:00:21]} Ka8 {[%emt 0:00:08]} 68. Bg4 {[%emt 0:00:12]} Kb8 {[%emt 0:00:06]} 69. Bf3 {[%emt 0:00:03]} Kc8 {[%emt 0:00:09]} 1/2-1/2

[Event "47th GRE-chT 2019"]
[Site "Patra"]
[Date "2019.07.06"]
[Round "7.24"]
[White "Souleidis, Georgios"]
[Black "Liodakis, Konstantinos-Spyros"]
[Result "1-0"]
[WhiteElo "2426"]
[BlackElo "2212"]
[Annotator "NA"]
[PlyCount "59"]
[EventDate "2019.07.02"]
[EventCountry "GRE"]
[SourceTitle "playchess.com"]
[Source "ChessBase"]
[SourceQuality "1"]
[TimeControl "5400+30"]

1. e4 {[%emt 0:00:00]} e6 {[%emt 0:00:00]} 2. Qe2 {[%emt 0:00:00]} c5 {[%emt 0:00:00]} 3. Nf3 {[%emt 0:00:00]} Nc6 {[%emt 0:00:00]} 4. g3 {[%emt 0:00:10]} Be7 {[%emt 0:00:31]} 5. Bg2 {[%emt 0:00:10]} d5 {[%emt 0:04:00]} 6. d3 {[%emt 0:01:02]} Nf6 {[%emt 0:00:07]} 7. O-O {[%emt 0:00:37]} h6 {[%emt 0:06:02]} 8. c3 {[%emt 0:00:31]} b6 {[%emt 0:14:43]} 9. Rd1 {[%emt 0:01:03]} Bb7 {[%emt 0:01:52]} 10. Nbd2 {[%emt 0:02:12]} Qc7 {[%emt 0:02:37]} 11. Nf1 {[%emt 0:06:17]} O-O-O {[%emt 0:11:06]} 12. Bf4 {[%emt 0:07:05]} Qd7 {[%emt 0:00:43]} 13. Ne5 {[%emt 0:00:06]} Nxe5 {[%emt 0:00:02]} 14. Bxe5 {[%emt 0:01:36]} dxe4 {[%emt 0:00:25]} 15. dxe4 {[%emt 0:00:13]} Qa4 {[%emt 0:04:07]} 16. b3 {[%emt 0:02:25]} Qc6 {[%emt 0:04:36]} 17. Ne3 {[%emt 0:21:00]} Ne8 {[%emt 0:08:13]} 18. c4 {[%emt 0:07:28]} Bd6 {[%emt 0:05:03]} 19. Bxg7 {[%emt 0:00:15]} Nxg7 {[%emt 0:00:02]} 20. e5 {[%emt 0:00:10]} Qc7 {[%emt 0:00:04]} 21. exd6 {[%emt 0:00:19]} Qd7 {[%emt 0:04:49]} 22. Rd2 {[%emt 0:01:26]} Bxg2 {[%emt 0:02:02]} 23. Kxg2 {[%emt 0:00:44]} Qc6+ {[%emt 0:00:12]} 24. Qf3 {[%emt 0:00:05]} Qxf3+ {[%emt 0:00:04]} 25. Kxf3 {[%emt 0:00:06]} Rd7 {[%emt 0:00:44]} 26. Rad1 {[%emt 0:00:22]} Rhd8 {[%emt 0:07:24]} 27. Kf4 {[%emt 0:02:19]} Kb7 {[%emt 0:01:35]} 28. Ng4 {[%emt 0:00:42]} Nf5 {[%emt 0:00:29]} 29. Ne5 {[%emt 0:00:43]} Rxd6 {[%emt 0:00:22]} 30. Nxf7 {[%emt 1:19:47]} 1-0

[Event "47th GRE-chT 2019"]
[Site "Patra"]
[Date "2019.07.06"]
[Round "7.25"]
[White "Antova, Gabriela"]
[Black "Daulyte-Cornette, Deimante"]
[Result "1/2-1/2"]
[WhiteElo "2257"]
[BlackElo "2444"]
[Annotator "NA"]
[PlyCount "80"]
[EventDate "2019.07.02"]
[EventCountry "GRE"]
[SourceTitle "playchess.com"]
[Source "ChessBase"]
[SourceQuality "1"]
[TimeControl "5400+30"]

1. d4 {[%emt 0:00:00]} d6 {[%emt 0:00:00]} 2. c4 {[%emt 0:00:49]} e5 {[%emt 0:00:00]} 3. Nc3 {[%emt 0:00:45]} exd4 {[%emt 0:00:01]} 4. Qxd4 {[%emt 0:00:08]} Nc6 {[%emt 0:00:08]} 5. Qd2 {[%emt 0:00:24]} Nf6 {[%emt 0:00:16]} 6. b3 {[%emt 0:08:44]} a5 {[%emt 0:02:43]} 7. Bb2 {[%emt 0:01:04]} g6 {[%emt 0:04:01]} 8. g3 {[%emt 0:00:57]} Bg7 {[%emt 0:00:36]} 9. Bg2 {[%emt 0:00:24]} O-O {[%emt 0:00:29]} 10. Nf3 {[%emt 0:08:38]} Be6 {[%emt 0:22:59]} 11. Rd1 {[%emt 0:12:50]} a4 {[%emt 0:06:17]} 12. O-O {[%emt 0:01:32]} axb3 {[%emt 0:00:35]} 13. axb3 {[%emt 0:00:01]} Nd7 {[%emt 0:04:29]} 14. Ng5 {[%emt 0:13:09]} Nc5 {[%emt 0:02:52]} 15. Nxe6 {[%emt 0:04:19]} fxe6 {[%emt 0:00:24]} 16. Qe3 {[%emt 0:04:07]} Na5 {[%emt 0:11:38]} 17. Ne4 {[%emt 0:14:34]} Naxb3 {[%emt 0:00:52]} 18. Nxc5 {[%emt 0:00:14]} Nxc5 {[%emt 0:00:41]} 19. Ba3 {[%emt 0:01:09]} Bh6 {[%emt 0:15:02]} 20. f4 {[%emt 0:05:07]} Qe7 {[%emt 0:12:04]} 21. Bxc5 {[%emt 0:00:16]} dxc5 {[%emt 0:00:05]} 22. Bxb7 {[%emt 0:00:31]} Rab8 {[%emt 0:00:15]} 23. Bf3 {[%emt 0:01:56]} Bg7 {[%emt 0:02:37]} 24. Kh1 {[%emt 0:01:05]} Rfd8 {[%emt 0:02:18]} 25. Rd3 {[%emt 0:11:14]} Rd4 {[%emt 0:01:12]} 26. Rfd1 {[%emt 0:00:39]} Kf7 {[%emt 0:01:44]} 27. Qd2 {[%emt 0:03:25]} Rbd8 {[%emt 0:01:33]} 28. Qc2 {[%emt 0:00:21]} R8d6 {[%emt 0:02:20]} 29. Kg2 {[%emt 0:01:13]} Qd7 {[%emt 0:00:28]} 30. h4 {[%emt 0:03:09]} Rxd3 {[%emt 0:01:42]} 31. Rxd3 {[%emt 0:00:13]} Rxd3 {[%emt 0:00:42]} 32. Qxd3 {[%emt 0:00:52]} Qxd3 {[%emt 0:00:17]} 33. exd3 {[%emt 0:00:01]} e5 {[%emt 0:00:16]} 34. fxe5 {[%emt 0:00:18]} Bxe5 {[%emt 0:00:04]} 35. Bd5+ {[%emt 0:00:07]} Kf6 {[%emt 0:00:18]} 36. Kf3 {[%emt 0:00:05]} g5 {[%emt 0:00:23]} 37. hxg5+ {[%emt 0:00:35]} Kxg5 {[%emt 0:00:04]} 38. g4 {[%emt 0:00:07]} h5 {[%emt 0:00:08]} 39. gxh5 {[%emt 0:00:05]} Kxh5 {[%emt 0:00:03]} 40. Ke4 {[%emt 0:00:00]} Bd4 {[%emt 0:00:00]} 1/2-1/2

[Event "47th GRE-chT 2019"]
[Site "Patra"]
[Date "2019.07.06"]
[Round "7.26"]
[White "Kalyva, Kyriaki"]
[Black "Vozinaki, Anthi - Maria"]
[Result "1/2-1/2"]
[WhiteElo "1869"]
[BlackElo "2054"]
[Annotator "NA"]
[PlyCount "146"]
[EventDate "2019.07.02"]
[EventCountry "GRE"]
[SourceTitle "playchess.com"]
[Source "ChessBase"]
[SourceQuality "1"]
[TimeControl "5400+30"]

1. d4 {[%emt 0:00:01]} d5 {[%emt 0:00:00]} 2. c4 {[%emt 0:00:06]} e6 {[%emt 0:00:00]} 3. Nc3 {[%emt 0:00:04]} Nf6 {[%emt 0:00:00]} 4. cxd5 {[%emt 0:00:05]} exd5 {[%emt 0:00:00]} 5. Bg5 {[%emt 0:01:19]} Be7 {[%emt 0:00:00]} 6. e3 {[%emt 0:00:15]} c6 {[%emt 0:00:00]} 7. Bd3 {[%emt 0:00:12]} Nbd7 {[%emt 0:00:05]} 8. Nf3 {[%emt 0:01:48]} Nh5 {[%emt 0:02:13]} 9. Bxe7 {[%emt 0:00:05]} Qxe7 {[%emt 0:00:54]} 10. Qc2 {[%emt 0:03:25]} g6 {[%emt 0:08:47]} 11. O-O {[%emt 0:09:28]} O-O {[%emt 0:12:46]} 12. e4 {[%emt 0:08:28]} dxe4 {[%emt 0:01:47]} 13. Nxe4 {[%emt 0:09:04]} Ndf6 {[%emt 0:12:03]} 14. Qc5 {[%emt 0:12:11]} Re8 {[%emt 0:05:44]} 15. Nd6 {[%emt 0:03:51]} Rd8 {[%emt 0:02:39]} 16. Nxc8 {[%emt 0:00:17]} Qxc5 {[%emt 0:00:08]} 17. dxc5 {[%emt 0:05:47]} Rxd3 {[%emt 0:00:45]} 18. Nd6 {[%emt 0:04:08]} Rd5 {[%emt 0:09:49]} 19. b4 {[%emt 0:06:26]} b6 {[%emt 0:02:23]} 20. Rfd1 {[%emt 0:04:45]} Nf4 {[%emt 0:09:49]} 21. Rxd5 {[%emt 0:02:02]} N6xd5 {[%emt 0:07:16]} 22. g3 {[%emt 0:05:03]} Nd3 {[%emt 0:04:31]} 23. a3 {[%emt 0:07:08]} bxc5 {[%emt 0:01:48]} 24. bxc5 {[%emt 0:02:27]} Rd8 {[%emt 0:04:20]} 25. Ng5 {[%emt 0:05:52]} Nxc5 {[%emt 0:05:36]} 26. Ndxf7 {[%emt 0:03:28]} Rf8 {[%emt 0:03:11]} 27. Rc1 {[%emt 0:02:38]} Nb3 {[%emt 0:02:54]} 28. Rb1 {[%emt 0:01:47]} Nd4 {[%emt 0:01:29]} 29. Nh6+ {[%emt 0:00:45]} Kg7 {[%emt 0:01:49]} 30. Ng4 {[%emt 0:01:04]} Nb6 {[%emt 0:01:12]} 31. f4 {[%emt 0:00:43]} c5 {[%emt 0:00:38]} 32. a4 {[%emt 0:00:41]} h6 {[%emt 0:00:04]} 33. Ne4 {[%emt 0:00:34]} Nxa4 {[%emt 0:00:16]} 34. Ra1 {[%emt 0:00:31]} Ne2+ {[%emt 0:00:55]} 35. Kg2 {[%emt 0:00:25]} Nec3 {[%emt 0:00:04]} 36. Nxc3 {[%emt 0:00:04]} Nxc3 {[%emt 0:00:34]} 37. Rxa7+ {[%emt 0:00:15]} Rf7 {[%emt 0:00:50]} 38. Ra6 {[%emt 0:01:13]} Nd5 {[%emt 0:00:30]} 39. Ne5 {[%emt 0:00:19]} Rf6 {[%emt 0:00:00]} 40. Ra7+ {[%emt 0:00:00]} Kg8 {[%emt 0:00:00]} 41. Ra8+ {[%emt 0:00:00]} Kg7 {[%emt 0:00:00]} 42. Rc8 {[%emt 0:00:00]} g5 {[%emt 0:00:00]} 43. Rxc5 {[%emt 0:00:00]} Rd6 {[%emt 0:00:00]} 44. fxg5 {[%emt 0:00:00]} hxg5 {[%emt 0:00:00]} 45. Kf3 {[%emt 0:00:00]} Kf6 {[%emt 0:00:00]} 46. Nc4 {[%emt 0:00:00]} Rd8 {[%emt 0:00:00]} 47. Rc6+ {[%emt 0:00:00]} Kg7 {[%emt 0:00:00]} 48. Kg4 {[%emt 0:00:00]} Rh8 {[%emt 0:00:00]} 49. h3 {[%emt 0:00:02]} Nf6+ {[%emt 0:00:00]} 50. Kf5 {[%emt 0:01:46]} Rxh3 {[%emt 0:00:00]} 51. Rc7+ {[%emt 0:00:43]} Kh6 {[%emt 0:00:00]} 52. Kxf6 {[%emt 0:00:20]} Rxg3 {[%emt 0:00:00]} 53. Ne5 {[%emt 0:00:43]} Rg1 {[%emt 0:05:29]} 54. Rc2 {[%emt 0:00:34]} Rf1+ {[%emt 0:00:08]} 55. Ke6 {[%emt 0:02:17]} g4 {[%emt 0:00:44]} 56. Rg2 {[%emt 0:01:17]} Kh5 {[%emt 0:01:05]} 57. Rxg4 {[%emt 0:00:20]} Re1 {[%emt 0:00:45]} 58. Rg2 {[%emt 0:00:21]} Kh4 {[%emt 0:00:33]} 59. Kf5 {[%emt 0:00:54]} Kh3 {[%emt 0:00:39]} 60. Rg8 {[%emt 0:00:31]} Ra1 {[%emt 0:00:52]} 61. Nc4 {[%emt 0:00:58]} Ra4 {[%emt 0:01:09]} 62. Nd2 {[%emt 0:00:33]} Ra2 {[%emt 0:00:32]} 63. Ne4 {[%emt 0:00:29]} Ra1 {[%emt 0:00:57]} 64. Nf2+ {[%emt 0:00:18]} Kh2 {[%emt 0:00:26]} 65. Kf4 {[%emt 0:01:00]} Rg1 {[%emt 0:00:29]} 66. Ng4+ {[%emt 0:00:33]} Kg2 {[%emt 0:00:35]} 67. Ne5+ {[%emt 0:00:32]} Kf2 {[%emt 0:00:16]} 68. Ra8 {[%emt 0:00:28]} Rb1 {[%emt 0:00:26]} 69. Ra2+ {[%emt 0:00:10]} Kf1 {[%emt 0:00:39]} 70. Nd3 {[%emt 0:00:45]} Rb8 {[%emt 0:00:34]} 71. Rf2+ {[%emt 0:00:06]} Kg1 {[%emt 0:00:09]} 72. Kf3 {[%emt 0:00:08]} Rf8+ {[%emt 0:00:04]} 73. Nf4 {[%emt 0:00:05]} Rxf4+ {[%emt 0:00:33]} 1/2-1/2

[Event "47th GRE-chT 2019"]
[Site "Patra"]
[Date "2019.07.06"]
[Round "7.27"]
[White "Karavitaki, Evaggelia"]
[Black "Kyriakidou, Chrysa"]
[Result "1-0"]
[WhiteElo "1681"]
[BlackElo "1338"]
[Annotator "NA"]
[PlyCount "149"]
[EventDate "2019.07.02"]
[EventCountry "GRE"]
[SourceTitle "playchess.com"]
[Source "ChessBase"]
[SourceQuality "1"]
[TimeControl "5400+30"]

1. e4 {[%emt 0:00:00]} c6 {[%emt 0:00:00]} 2. d4 {[%emt 0:00:00]} d5 {[%emt 0:00:00]} 3. Nc3 {[%emt 0:00:01]} dxe4 {[%emt 0:00:00]} 4. Nxe4 {[%emt 0:00:08]} Bf5 {[%emt 0:00:00]} 5. Ng3 {[%emt 0:00:20]} Bg6 {[%emt 0:00:00]} 6. h4 {[%emt 0:00:19]} h6 {[%emt 0:00:01]} 7. Nh3 {[%emt 0:00:08]} Nf6 {[%emt 0:00:44]} 8. Nf4 {[%emt 0:00:39]} Bh7 {[%emt 0:00:14]} 9. Bc4 {[%emt 0:00:32]} e6 {[%emt 0:01:33]} 10. O-O {[%emt 0:00:59]} Nd5 {[%emt 0:00:48]} 11. Bxd5 {[%emt 0:32:20]} cxd5 {[%emt 0:01:06]} 12. Qh5 {[%emt 0:01:54]} g6 {[%emt 0:29:39]} 13. Qe5 {[%emt 0:11:45]} Rg8 {[%emt 0:00:33]} 14. Re1 {[%emt 0:05:08]} Be7 {[%emt 0:01:18]} 15. c3 {[%emt 0:36:15]} Nc6 {[%emt 0:00:55]} 16. Qe2 {[%emt 0:00:21]} Qd7 {[%emt 0:02:28]} 17. a4 {[%emt 0:02:12]} Na5 {[%emt 0:06:45]} 18. Qc2 {[%emt 0:02:14]} Rc8 {[%emt 0:01:38]} 19. h5 {[%emt 0:01:07]} Bg5 {[%emt 0:05:24]} 20. hxg6 {[%emt 0:01:16]} Bxg6 {[%emt 0:00:23]} 21. Nxg6 {[%emt 0:01:14]} Rxg6 {[%emt 0:00:08]} 22. Nh5 {[%emt 0:01:24]} Bxc1 {[%emt 0:02:55]} 23. Raxc1 {[%emt 0:00:21]} Qe7 {[%emt 0:00:48]} 24. Nf4 {[%emt 0:00:34]} Rg5 {[%emt 0:01:00]} 25. Qe2 {[%emt 0:00:41]} a6 {[%emt 0:03:48]} 26. Nd3 {[%emt 0:00:33]} Qf6 {[%emt 0:19:54]} 27. Nc5 {[%emt 0:00:31]} Ke7 {[%emt 0:00:39]} 28. b4 {[%emt 0:00:31]} Rcg8 {[%emt 0:00:20]} 29. g3 {[%emt 0:00:28]} Nc4 {[%emt 0:05:50]} 30. Kh2 {[%emt 0:00:29]} h5 {[%emt 0:00:46]} 31. Rg1 {[%emt 0:00:19]} h4 {[%emt 0:00:23]} 32. g4 {[%emt 0:00:41]} h3 {[%emt 0:02:54]} 33. Nd3 {[%emt 0:00:25]} Kd8 {[%emt 0:07:38]} 34. Rce1 {[%emt 0:00:38]} Qg7 {[%emt 0:02:17]} 35. f3 {[%emt 0:00:19]} b6 {[%emt 0:03:20]} 36. b5 {[%emt 0:00:39]} a5 {[%emt 0:00:07]} 37. Ref1 {[%emt 0:00:32]} Kd7 {[%emt 0:00:49]} 38. Re1 {[%emt 0:00:26]} Kd8 {[%emt 0:00:07]} 39. Rd1 {[%emt 0:00:33]} Kd7 {[%emt 0:00:14]} 40. Rde1 {[%emt 0:00:00]} Kd8 {[%emt 0:00:00]} 41. Nf4 {[%emt 0:00:00]} Qh6 {[%emt 0:00:00]} 42. Nd3 {[%emt 0:00:00]} Qh7 {[%emt 0:00:00]} 43. Rd1 {[%emt 0:00:00]} Kd7 {[%emt 0:00:00]} 44. Rde1 {[%emt 0:00:00]} Qh4 {[%emt 0:00:00]} 45. Nf4 {[%emt 0:00:00]} Re8 {[%emt 0:00:09]} 46. Nd3 {[%emt 0:03:10]} f5 {[%emt 0:01:47]} 47. Ref1 {[%emt 0:00:51]} fxg4 {[%emt 0:01:33]} 48. fxg4 {[%emt 0:00:18]} e5 {[%emt 0:00:39]} 49. dxe5 {[%emt 0:00:42]} Nxe5 {[%emt 0:00:09]} 50. Nxe5+ {[%emt 0:00:29]} Rgxe5 {[%emt 0:00:44]} 51. Qf3 {[%emt 0:00:20]} Re2+ {[%emt 0:00:44]} 52. Kh1 {[%emt 0:00:11]} Qh7 {[%emt 0:01:47]} 53. Qxd5+ {[%emt 0:00:32]} Kc8 {[%emt 0:00:24]} 54. Qc6+ {[%emt 0:00:57]} Qc7 {[%emt 0:00:18]} 55. Qxc7+ {[%emt 0:00:16]} Kxc7 {[%emt 0:00:05]} 56. Rf3 {[%emt 0:00:45]} Rh8 {[%emt 0:00:26]} 57. g5 {[%emt 0:00:31]} h2 {[%emt 0:00:10]} 58. Rgf1 {[%emt 0:00:07]} Re5 {[%emt 0:01:00]} 59. Rg3 {[%emt 0:01:26]} Re7 {[%emt 0:00:43]} 60. g6 {[%emt 0:00:00]} Rg7 {[%emt 0:00:25]} 61. Rf7+ {[%emt 0:00:14]} Rxf7 {[%emt 0:00:06]} 62. gxf7 {[%emt 0:00:06]} Rf8 {[%emt 0:00:11]} 63. Rf3 {[%emt 0:00:18]} Kd6 {[%emt 0:00:05]} 64. Kxh2 {[%emt 0:00:29]} Ke7 {[%emt 0:00:17]} 65. Kg3 {[%emt 0:00:41]} Rxf7 {[%emt 0:00:19]} 66. Rxf7+ {[%emt 0:00:49]} Kxf7 {[%emt 0:00:05]} 67. Kf4 {[%emt 0:00:43]} Kf6 {[%emt 0:00:42]} 68. Ke4 {[%emt 0:00:13]} Ke6 {[%emt 0:00:30]} 69. Kd4 {[%emt 0:00:24]} Kd6 {[%emt 0:00:24]} 70. c4 {[%emt 0:00:20]} Kc7 {[%emt 0:00:26]} 71. Kd5 {[%emt 0:00:38]} Kd7 {[%emt 0:00:12]} 72. c5 {[%emt 0:00:26]} bxc5 {[%emt 0:01:41]} 73. Kxc5 {[%emt 0:00:13]} Kc7 {[%emt 0:00:06]} 74. b6+ {[%emt 0:00:34]} Kb7 {[%emt 0:00:08]} 75. Kb5 {[%emt 0:00:07]} 1-0

[Event "47th GRE-chT 2019"]
[Site "Patra"]
[Date "2019.07.06"]
[Round "7.28"]
[White "Androutsopoulos-Agiotatos, Vasil"]
[Black "Papadopoulos, Argirios"]
[Result "0-1"]
[WhiteElo "2063"]
[BlackElo "2222"]
[Annotator "NA"]
[PlyCount "90"]
[EventDate "2019.07.02"]
[EventCountry "GRE"]
[SourceTitle "playchess.com"]
[Source "ChessBase"]
[SourceQuality "1"]
[TimeControl "5400+30"]

1. e4 {[%emt 0:06:10]} e5 {[%emt 0:01:46]} 2. Nf3 {[%emt 0:00:04]} Nc6 {[%emt 0:00:33]} 3. Bb5 {[%emt 0:00:07]} g6 {[%emt 0:00:37]} 4. d4 {[%emt 0:00:17]} exd4 {[%emt 0:00:05]} 5. Bg5 {[%emt 0:00:09]} Be7 {[%emt 0:00:04]} 6. Bxe7 {[%emt 0:00:06]} Qxe7 {[%emt 0:00:09]} 7. Bxc6 {[%emt 0:00:45]} dxc6 {[%emt 0:00:04]} 8. Qxd4 {[%emt 0:11:33]} Nf6 {[%emt 0:00:04]} 9. Nc3 {[%emt 0:00:43]} Bg4 {[%emt 0:01:09]} 10. O-O-O {[%emt 0:06:25]} Bxf3 {[%emt 0:00:02]} 11. gxf3 {[%emt 0:00:31]} O-O {[%emt 0:28:25]} 12. Qe3 {[%emt 0:13:12]} b6 {[%emt 0:19:21]} 13. Ne2 {[%emt 0:16:51]} Qe6 {[%emt 0:00:45]} 14. Kb1 {[%emt 0:04:51]} c5 {[%emt 0:08:13]} 15. h4 {[%emt 0:08:53]} Rad8 {[%emt 0:00:14]} 16. Rdg1 {[%emt 0:07:25]} Nh5 {[%emt 0:18:35]} 17. Qg5 {[%emt 0:03:13]} Kh8 {[%emt 0:00:40]} 18. Nf4 {[%emt 0:01:27]} Nxf4 {[%emt 0:00:02]} 19. Qxf4 {[%emt 0:10:51]} h5 {[%emt 0:03:18]} 20. Qxc7 {[%emt 0:02:35]} Qd6 {[%emt 0:03:09]} 21. Qxd6 {[%emt 0:00:06]} Rxd6 {[%emt 0:00:08]} 22. Rd1 {[%emt 0:02:34]} Rfd8 {[%emt 0:01:41]} 23. Kc1 {[%emt 0:00:11]} Kg7 {[%emt 0:00:21]} 24. f4 {[%emt 0:01:34]} Rxd1+ {[%emt 0:00:01]} 25. Rxd1 {[%emt 0:00:25]} Re8 {[%emt 0:00:31]} 26. f3 {[%emt 0:01:08]} Re6 {[%emt 0:00:05]} 27. Kd2 {[%emt 0:00:46]} Kf6 {[%emt 0:00:13]} 28. Ke3 {[%emt 0:00:03]} Ke7 {[%emt 0:00:11]} 29. Rd5 {[%emt 0:01:01]} Rd6 {[%emt 0:10:17]} 30. Rxd6 {[%emt 0:00:01]} Kxd6 {[%emt 0:00:08]} 31. f5 {[%emt 0:00:31]} gxf5 {[%emt 0:00:01]} 32. Kf4 {[%emt 0:00:26]} fxe4 {[%emt 0:00:03]} 33. fxe4 {[%emt 0:00:56]} Ke6 {[%emt 0:00:41]} 34. Kg5 {[%emt 0:00:07]} Ke5 {[%emt 0:00:10]} 35. Kxh5 {[%emt 0:00:06]} Kxe4 {[%emt 0:01:07]} 36. Kg4 {[%emt 0:00:34]} f5+ {[%emt 0:02:10]} 37. Kg3 {[%emt 0:00:24]} Ke3 {[%emt 0:02:17]} 38. Kg2 {[%emt 0:00:31]} Ke2 {[%emt 0:00:03]} 39. Kg3 {[%emt 0:00:08]} Ke3 {[%emt 0:00:00]} 40. Kg2 {[%emt 0:00:00]} Kf4 {[%emt 0:00:00]} 41. Kh3 {[%emt 0:00:00]} b5 {[%emt 0:00:00]} 42. a3 {[%emt 0:00:00]} c4 {[%emt 0:00:00]} 43. b3 {[%emt 0:00:00]} cxb3 {[%emt 0:00:00]} 44. cxb3 {[%emt 0:00:00]} a5 {[%emt 0:00:00]} 45. a4 {[%emt 0:00:00]} b4 {[%emt 0:00:00]} 0-1